[Event "Cap d'Agde op"]
[Site "Cap d'Agde"]
[Date "2006.10.28"]
[Round "4"]
[White "Roch, Pedreno"]
[Black "Moulie, Patrick"]
[Result "0-1"]
[WhiteElo "1550"]
[BlackElo "1680"]
[PlyCount "74"]
[EventDate "2006.10.26"]
[EventType "swiss"]
[EventRounds "9"]
[EventCountry "FRA"]
[SourceTitle "EXT 2007"]
[Source "ChessBase"]
[SourceDate "2006.11.23"]
[SourceVersion "1"]
[SourceVersionDate "2006.11.23"]
[SourceQuality "1"]

1. e4 a6 2. d4 b5 3. Bd3 Bb7 4. d5 e6 5. dxe6 dxe6 6. Nf3 c5 7. Nbd2 c4 8. Be2 Nc6 9. a4 Qc7 10. axb5 axb5 11. Rxa8+ Bxa8 12. Nf1 Bc5 13. Ng3 Qb6 14. 0-0 Nge7 15. Bd2 0-0 16. Qc1 Rd8 17. Bf4 Ng6 18. Bd2 Nd4 19. Nxd4 Bxd4 20. c3 Bc5 21. Bh5 Ne5 22. Be2 Bc6 23. Bf4 Nd3 24. Bxd3 Rxd3 25. Qc2 f6 26. Re1 e5 27. Bc1 g6 28. Qe2 h5 29. h4 Rxg3 30. Be3 Bxe3 31. fxe3 Rg4 32. Rf1 Bxe4 33. Rf2 Qc6 34. Qd2 Bd3 35. Qe1 f5 36. Rd2 Qe4 37. g3 f4 0-1

[Event "Cap d'Agde Avenir op"]
[Site "Cap d'Agde"]
[Date "2002.10.26"]
[Round "5"]
[White "Maillet, Patrice"]
[Black "Roch, Pedreno"]
[Result "1-0"]
[WhiteElo "1630"]
[BlackElo "1499"]
[PlyCount "77"]
[EventDate "2002.10.23"]
[EventType "swiss"]
[EventRounds "9"]
[EventCountry "FRA"]
[SourceTitle "EXT 2005"]
[Source "ChessBase"]
[SourceDate "2004.11.15"]
[SourceVersion "1"]
[SourceVersionDate "2004.11.15"]
[SourceQuality "1"]

1. d4 f5 2. c4 e6 3. Nc3 Nf6 4. Bg5 Bb4 5. g3 0-0 6. Bg2 Qe8 7. Nf3 Ne4 8. Qb3 Ba5 9. Qa3 Bxc3+ 10. bxc3 Nxg5 11. Nxg5 Qd8 12. Qc1 d6 13. f4 c6 14. 0-0 h6 15. Nf3 Nd7 16. Re1 Nf6 17. Qc2 Bd7 18. Nd2 d5 19. cxd5 exd5 20. Nf3 Ng4 21. e3 Re8 22. Ne5 Nxe5 23. fxe5 Rf8 24. Rf1 g5 25. Qb3 b6 26. e4 fxe4 27. Bxe4 Rxf1+ 28. Rxf1 Bh3 29. Rf6 Qe7 30. Bf3 Rf8 31. Rxf8+ Kxf8 32. Qc2 Qf7 33. Qf2 Be6 34. Bd1 Qxf2+ 35. Kxf2 Bf5 36. Ba4 b5 37. Bd1 g4 38. Ke3 Kg7 39. Kf4 1-0